Názory spotřebitelů na úroveň poskytování vybraných placených služeb obyvatelstvu

Enregistré dans:
Détails bibliographiques
Auteur principal: Kaftan, Jiří
Format: Livre
Langue:tchèque
Publié: Praha Výzkumný ústav obchodu 1987
Collection:Knižnice VÚO 217
Tags: Ajouter un tag
Pas de tags, Soyez le premier à ajouter un tag!

MARC

LEADER 00000nam a2200000 4500
001 c111729
005 20251110133015.6
041 0 |a cze 
044 |a CZ 
245 1 0 |a Názory spotřebitelů na úroveň poskytování vybraných placených služeb obyvatelstvu  |c Jiří Kaftan 
264 1 |a Praha  |b Výzkumný ústav obchodu  |c 1987 
300 |a 52 s. 
490 1 |a Knižnice VÚO  |v 217 
830 0 |a Knižnice VÚO  |v 217 
100 1 |a Kaftan, Jiří